LEADER 01134cam0 22003013 450 001 SON0002862 005 20120210103009.0 010 $a8842509000 100 $a20040211d1991 |||||ita|0103 ba 101 $aita 102 $aIT 200 1 $a<>bambino è un cittadino$eConquista di libertà e itinerari formativi: la convenzione dell'ONU e la sua attuazione$fAlfredo Carlo Moro 210 $aMilano$cMursia$d1991 215 $a334 p.$d21 cm 225 2 $aFatti$xtestimonianze$xreportages$v13 410 1$1001LAEC00015819$12001 $a*Fatti, testimonianze, reportages$v13 610 0$aInfanzia-Convenzione sui diritti dei bambini (ONU-1989) 610 0$aONU:-Convenzione sui diritti dei bambini (1989) 700 1$aMoro$b, Alfredo Carlo$3AF00003327$4070$0226225 801 0$aIT$bUNISOB$c20120210$gRICA 850 $aUNISOB 852 $aUNISOB$j340$m103534 912 $aSON0002862 940 $aM 102 Monografia moderna SBN 941 $aM 957 $a340$b002936$gSI$d103534$racquisto$1carrano$2UNISOB$3UNISOB$420120210102925.0$520120210102953.0$6carrano 996 $aBambino è un cittadino$9677357 997 $aUNISOB LEADER 01375nam0 22002891i 450 001 UON00404032 005 20231205104709.854 100 $a20120127d1973 |0itac50 ba 101 $aita 102 $aIT 105 $a|||| ||||| 200 1 $aMon frere, tu es mon esclave$eteorie schiaviste e dibattiti antropologico-razziali nel settecento francese$fCarminella Biondi$gprefazione di Corrado Rosso 210 $aPisa$cEditrice Libreria Goliardica$d1973 215 $a289 p.$d25 cm. 410 1$1001UON00177065$12001 $a Studi e Testi$1210 $aPisa$cLibreria Goliardica.$v41 606 $aSCHIAVITU'$3UONC023948$2FI 620 $aIT$dPisa$3UONL000055 700 1$aBIONDI$bCarminella$3UONV116464$0158719 702 1$aROSSO$bCorrado$3UONV116463 712 $aEditrice Libreria Goliardica$3UONV277069$4650 801 $aIT$bSOL$c20240220$gRICA 912 $aUON00404032 950 $aSIBA - SISTEMA BIBLIOTECARIO DI ATENEO$dSI Francese IV C 014 $eSI SFR9099 5 014 $sBuono 950 $aSIBA - SISTEMA BIBLIOTECARIO DI ATENEO$dSI II ANT-SOCB H 0312 $eSI SS 2296 5 0312 $sBuono 966 $aTRATTA DEGLI SCHIAVI - Bibliografia$ySCHIAVITU'$3UONC023947 996 $aMon frère, tu es mon esclave !$9180850 997 $aUNIOR